La pendule francaise (Record no. 7783)

MARC details
000 -CABECERA
campo de control de longitud fija 00871nam a2200241 a 4500
001 - NÚMERO DE CONTROL
campo de control BRCA_8115
005 - FECHA Y HORA DE LA ÚLTIMA TRANSACCIÓN
campo de control 20190320210134.0
008 - DATOS DE LONGITUD FIJA--INFORMACIÓN GENERAL
campo de control de longitud fija 090414s1964----fr-a###f##---#001-0#fre-#
041 ## - CÓDIGO DE LENGUA
Código de lengua del texto/banda sonora o título independiente fre
044 ## - CÓDIGO DEL PAÍS DE LA ENTIDAD EDITORA/PRODUCTORA
Código MARC del país fr
050 #4 - SIGNATURA TOPOGRÁFICA DE LA BIBLIOTECA DEL CONGRESO
Número de clasificación TS543
Número de documento/Ítem .P398
-- 1964
245 10 - MENCIÓN DE TÍTULO
Título La pendule francaise
Resto del título documentation recueillie auprès de nos penduliers.
260 ## - PUBLICACIÓN, DISTRIBUCIÓN, ETC.
Lugar de publicación, distribución, etc. Paris
Nombre del editor, distribuidor, etc. Tardy
Fecha de publicación, distribución, etc. 1964
300 ## - DESCRIPCIÓN FÍSICA
Extensión 3 v. (paginación variada)
Otras características físicas il.
Dimensiones 32 cm.
500 ## - NOTA GENERAL
Nota general Y169
500 ## - NOTA GENERAL
Nota general Tres tomos inventariados como un sólo libro
500 ## - NOTA GENERAL
Nota general Material inventariado por el Banco de México
505 0# - NOTA DE CONTENIDO CON FORMATO
Nota de contenido con formato 1a. parte: De l´horloge gothique à la pendule Louis XV.-- 2a. parte: Du Louis XVI à nous jours.-- 3a. parte: Provinces et etrànger
650 14 - PUNTO DE ACCESO ADICIONAL DE MATERIA--TÉRMINO DE MATERIA
Término de materia o nombre geográfico como elemento de entrada Relojes franceses
Subdivisión de forma Historia
9 (RLIN) 20201
650 14 - PUNTO DE ACCESO ADICIONAL DE MATERIA--TÉRMINO DE MATERIA
Término de materia o nombre geográfico como elemento de entrada Relojes
Subdivisión de forma Coleccionistas y colecciones
Subdivisión geográfica Francia
9 (RLIN) 20202
902 ## - CATALOGADOR
Iniciales GFM
942 ## - ELEMENTOS DE PUNTO DE ACCESO ADICIONAL (KOHA)
Fuente del sistema de clasificación o colocación Library of Congress Classification
Tipo de ítem Koha Libros
Holdings
Estado de retiro Estado de pérdida Estado dañado No para préstamo Localización permanente Ubicación/localización actual Fecha de adquisición Número de inventario Total de préstamos Signatura topográfica completa Código de barras Fecha visto por última vez Precio válido a partir de Tipo de ítem Koha
El ejemplar forma parte de la colección y puede ser consultado según las políticas vigentes.       Biblioteca del Museo Franz Mayer (Rogerio Casas-Alatriste) Biblioteca del Museo Franz Mayer (Rogerio Casas-Alatriste) 09/04/2014 Y169   TS543 .P398 1964 (Y169) 8739 22/03/2019 22/03/2019 Libros